| 000 | 00810nam a2200205 a 4500 | ||
|---|---|---|---|
| 001 | BRCA_614 | ||
| 005 | 20190320203102.0 | ||
| 008 | 000929s2000 mx-a---##c---#000-0#spa-d | ||
| 020 | _a9685011125 | ||
| 040 |
_aHUH _cHUH _dXRG |
||
| 050 | 4 |
_aND255 _b.A78 2000 |
|
| 245 | 1 | 0 |
_aArte moderno de México _b1900-1950 _cLuis-Martín Lozano ; colaboraciones de Laura González Matute ... [et al.]. |
| 260 |
_aMéxico _bAntiguo Colegio de San Ildefonso _c2000 |
||
| 300 |
_a307 p. _bil. a color _c30 cm. |
||
| 500 | _aCatálogo de la exposición realizada en el Antiguo Colegio de San Ildefonso (Ciudad de México), julio-octubre, 2000 | ||
| 650 | 1 | 4 |
_aPintura moderna _vExposiciones _ySiglo XX _zMéxico _92098 |
| 700 | 1 |
_aLozano, Luis-Martín _92099 |
|
| 710 | 2 |
_aGonzález Matute, Laura ...[et al.] _92100 |
|
| 942 |
_2lcc _cB |
||
| 999 |
_c540 _d540 |
||